Statistics for Fast and the Furious Actors Quiz

Click here to take the quiz!

General Stats

  • This quiz has been taken 121 times
  • The average score is 9 of 23

Answer Stats

MovieCharacterActor/Actress% Correct
The Fast and the FuriousBrian O'ConnorPaul Walker
98%
Dominic TorettoVin Diesel
96%
Fast FiveHobbsDwayne Johnson
86%
Deckard ShawJason Statham
74%
LettyMichelle Rodriguez
71%
Fast and FuriousGiseleGal Gadot
70%
2 Fast 2 FuriousRoman PearceTyrese Gibson
67%
F9: The Fast SagaJakobJohn Cena
54%
Furious 7Mr. NobodyKurt Russell
50%
The Fate of the FuriousCipherCharlize Theron
40%
Fast and Furious 6Owen ShawLuke Evans
37%
Fast and Furious Presents: Hobbs and ShawBrixtonIdris Elba
29%
Magdalene Shaw/ QueenieHelen Mirren
28%
Little NobodyScott Eastwood
28%
Air Marshall DinkleyKevin Hart
16%
Riley HicksGina Carano
14%
The Fast and the Furious: Tokyo DriftD.K.Brian Tee
13%
JakandeDjimon Hounsou
12%
Eteon DirectorRyan Reynolds
12%
Cardi BLeysa
11%
Michael RookerBuddy
9%
SheppardJohn Brotherton
9%
DJT-Pain
7%

Score Distribution

Percentile by Number Answered

Percent of People with Each Score

Your Score History

You have not taken this quiz